MARC

LEADER 00000nam0a2200000 4500
001 233891
005 20231101231258.0
035 |a (RuTPU)RU\TPU\book\254973 
090 |a 233891 
100 |a 20130313d1975 k y0rusy50 ca 
101 0 |a rus 
102 |a UA 
105 |a a z 001zy 
200 1 |a Физическая химия конденсированных фаз, сверхтвердых материалов и их границ раздела  |f Академия наук Украинской ССР (АН УССР), Институт проблем материаловедения им И. Н. Францевича (ИПМ); под ред. В. Н. Еременко; Ю. В. Найдича 
210 |a Киев  |c Наукова думка  |d 1975 
215 |a 221 с.  |c ил. 
320 |a Библиография в конце статей 
606 1 |a Расплавы  |x Поверхностные явления  |x (химия)  |2 stltpush  |3 (RuTPU)RU\TPU\subj\23807  |9 48332 
610 1 |a смачивание 
610 1 |a растекание 
610 1 |a адгезия 
610 1 |a сверхтвердые материалы 
610 1 |a тугоплавкие материалы 
610 1 |a алмаз 
610 1 |a взаимодействие 
610 1 |a газовые среды 
610 1 |a термодинамика 
610 1 |a фазовое равновесие 
610 1 |a диффузия 
675 |a 544.72  |v 3 
702 1 |a Еременко  |b В. Н.  |4 340 
702 1 |a Найдич  |b Ю. В.  |4 340 
712 0 2 |a Академия наук Украинской ССР (АН УССР)  |b Институт проблем материаловедения им И. Н. Францевича (ИПМ)  |c (Киев)  |2 stltpush  |3 (RuTPU)RU\TPU\col\1143 
801 1 |a RU  |b 63413507  |c 20130313 
801 2 |a RU  |b 63413507  |c 20160803  |g RCR 
942 |c BK